000 00309nam a2200121Ia 4500
008 220216s9999 xx 000 0 und d
100 _aAngove S N
245 0 _aSpecific gravity of natural rubber latex
260 _bIRI Transactions
_c1962
300 _aT154-T164
650 _aSpecific gravity
942 _cJS
999 _c69141
_d69141